000 00227 a2200097 4500
001 35100
090 _c23245
_d23245
100 _aIsrar ul Haque
245 _aTowards Islamic Renaissance
260 _aLahor
_bFeroz sons
_c1987
942 _aNUST-CAE
_k297.1971 ISR
999 _c270173
_d270173